[Event "HUN-chT2 Szechenyi 1415"]
[Site "Hungary"]
[Date "2015.04.26"]
[Round "11.9"]
[White "Toth, Tibor"]
[Black "Mayer, Attila"]
[Result "1-0"]
[WhiteElo "1955"]
[BlackElo "1708"]
[PlyCount "81"]
[EventDate "2014.09.07"]
[EventType "team-tourn"]
[EventRounds "11"]
[EventCountry "HUN"]
[SourceTitle "EXT 2016"]
[Source "ChessBase"]
[SourceDate "2015.10.08"]
[SourceVersion "1"]
[SourceVersionDate "2015.10.08"]
[SourceQuality "1"]
[WhiteTeam "HVSE Infraplan"]
[BlackTeam "Papa"]
[WhiteTeamCountry "HUN"]
[BlackTeamCountry "HUN"]

1. e4 e5 2. Nf3 d6 3. d4 exd4 4. Nxd4 Nf6 5. Nc3 Be7 6. Bc4 Bg4 7. f3 Bd7 8. Be3 a6 9. a4 0-0 10. 0-0 Nc6 11. Re1 Ne5 12. Bf1 c6 13. a5 c5 14. Nb3 Qc7 15. Na4 Bxa4 16. Rxa4 Rad8 17. c4 Nc6 18. Qd2 Nd7 19. Rd1 Nde5 20. Na1 Nb4 21. Rxb4 cxb4 22. Bb6 Qc6 23. Bxd8 Rxd8 24. Qxb4 Qc5+ 25. Qxc5 dxc5 26. Rxd8+ Bxd8 27. Nb3 Be7 28. Kf2 Nd7 29. g3 Bf6 30. Bh3 Ne5 31. Nxc5 Nxc4 32. Nxb7 Nxb2 33. Bf1 Na4 34. Bxa6 Nc5 35. Nxc5 Bd4+ 36. Ke2 Bxc5 37. Bc4 Kf8 38. e5 Ke7 39. Kd3 f5 40. Bg8 h6 41. Kc4 1-0